LEADER 01177nam0-2200385li-450 001 990000271060203316 005 20180312154647.0 010 $a0-471-60711-8 035 $a0027106 035 $aUSA010027106 035 $a(ALEPH)000027106USA01 035 $a0027106 100 $a2001998041989-------y0itay0103----ba 101 0 $aeng 102 $aUS 200 1 $aX-Ray structure determination$ea practical guide$fGeorge H. Stout, Jensen Lyle H. 205 $a2nd ed 210 $aNew York$cJohn Wiley & Sons$d1989 215 $aXV, 453 p.$cill.$d23 cm 610 1 $acristallografia$ametodi di diffrazione 676 $a548.83 700 1$aStout,$bGeorge H.$0520829 702 1$aJensen,$bLyle H. 801 $aSistema bibliotecario di Ateneo dell' Università di Salerno$gRICA 912 $a990000271060203316 951 $a548.83 STO$b21326/CBS$c548.83$d00325993 959 $aBK 969 $aSCI 979 $c19980417 979 $c20001110$lUSA01$h1716 979 $c20020403$lUSA01$h1635 979 $aPATRY$b90$c20040406$lUSA01$h1619 979 $aRSIAV6$b90$c20090806$lUSA01$h1437 996 $aX-Ray structure determination$91476169 997 $aUNISA